000 00764nam0a22002411 4500
001 rc\964983
005 20250622060950.0
035 _a(NLR Aleph) 006134348
090 _a5595015
_c5595015
100 _a20041129d1982 |||y0rusy50 ca
101 0 _arus
102 _aRU
105 _ay |||||||||
200 1 _aГустота стояния растений хлопчатника
_e[Разд. "Агротехника хлопководства"
_eКурс лекций]
210 _aТашкент
_cТашСХИ
_d1982
215 _a27 с.
_d20
300 _aВ надзаг.: Ташк. с.-х. ин-т
700 1 _aЧерникова
_bА.Н.
801 0 _aRU
_bNLR
_gpsbo
801 1 _aRU
_bELAR
_2rusmarc
852 _aNLR
_j83-4/14276
942 _cBOOK
980 _aNB